[Event "CCM8 - 15. ORDIX Open"]
[Site "Mainz"]
[Date "2008.??.??"]
[Round "1"]
[White "Gschwendtner, Klaus"]
[Black "Tregubov, Pavel"]
[Result "0-1"]
[WhiteElo "2078"]
[BlackElo "2668"]
[PlyCount "72"]
[EventDate "2008.??.??"]
[EventType "rapid"]
[EventRounds "11"]
[EventCountry "GER"]
[Source "Mike Rosa"]
[SourceDate "2009.01.01"]

1. e4 c5 2. Nf3 Nc6 3. Bb5 Nf6 4. Bxc6 dxc6 5. d3 Bg4 6. Nbd2 e6 7. h3 Bh5 8.
Nf1 c4 9. Ng3 Bxf3 10. Qxf3 cxd3 11. cxd3 Bb4+ 12. Ke2 Qb6 13. Rd1 O-O-O 14.
Kf1 Rd7 15. a3 Be7 16. Be3 Bc5 17. b4 Bxe3 18. Qxe3 Rhd8 19. Qxb6 axb6 20. Ke2
Ne8 21. a4 Nc7 22. Nf1 Rd4 23. Rab1 b5 24. a5 Na6 25. Rb3 Nxb4 26. Ne3 Kb8 27.
f4 Ka7 28. f5 Ka6 29. Ra3 c5 30. fxe6 fxe6 31. Ng4 c4 32. Ne5 cxd3+ 33. Nxd3
Nxd3 34. Rdxd3 Rxd3 35. Rxd3 Rxd3 36. Kxd3 Kxa5 0-1

[Event "CCM8 - 15. ORDIX Open"]
[Site "Mainz"]
[Date "2008.??.??"]
[Round "1"]
[White "Ivanisevic, Ivan"]
[Black "Lemli, Thomas"]
[Result "1-0"]
[WhiteElo "2664"]
[BlackElo "2076"]
[PlyCount "95"]
[EventDate "2008.??.??"]
[EventType "rapid"]
[EventRounds "11"]
[EventCountry "GER"]
[Source "Mike Rosa"]
[SourceDate "2009.01.01"]

1. d4 d5 2. c4 c6 3. Nf3 Nf6 4. Nc3 dxc4 5. a4 Bf5 6. Nh4 Bg6 7. Nxg6 hxg6 8.
e3 e6 9. Bxc4 Nbd7 10. Bd2 Bb4 11. Bb3 Qe7 12. O-O O-O 13. f4 c5 14. a5 cxd4
15. exd4 Bxc3 16. bxc3 Ne4 17. Be1 Ndf6 18. Qf3 Rac8 19. c4 Rfd8 20. Rd1 Nd6
21. Bb4 Qc7 22. d5 exd5 23. cxd5 Nfe4 24. Rfe1 f5 25. g4 Qf7 26. gxf5 gxf5 27.
Kh1 Qf6 28. Re3 Kf7 29. Qh5+ g6 30. Qh7+ Qg7 31. Qxg7+ Kxg7 32. Rg1 Kf7 33. Re2
Re8 34. Ba4 Rh8 35. Bd7 Rc4 36. Be6+ Ke7 37. Be1 Nc3 38. Rc2 Nde4 39. Rxg6 Rh3
40. Rg7+ Kd6 41. Rd7+ Kc5 42. Rc7+ Kd4 43. Rxc4+ Kxc4 44. d6+ Kd3 45. d7 Rh8
46. Bxc3 Nxc3 47. Bxf5+ Kd4 48. Rd2+ 1-0

[Event "CCM8 - 15. ORDIX Open"]
[Site "Mainz"]
[Date "2008.??.??"]
[Round "1"]
[White "Jurkic, Bosiljiko"]
[Black "Almasi, Zoltan"]
[Result "0-1"]
[WhiteElo "2081"]
[BlackElo "2675"]
[PlyCount "88"]
[EventDate "2008.??.??"]
[EventType "rapid"]
[EventRounds "11"]
[EventCountry "GER"]
[Source "Mike Rosa"]
[SourceDate "2009.01.01"]

1. e4 c5 2. Nf3 e6 3. d4 cxd4 4. Nxd4 Nc6 5. Nc3 d6 6. Be2 Nf6 7. Be3 Be7 8.
O-O O-O 9. f4 a6 10. Bf3 Qc7 11. a4 Bd7 12. Qe1 Nxd4 13. Bxd4 e5 14. Be3 b5 15.
a5 b4 16. Bb6 Qc4 17. fxe5 dxe5 18. Nd5 Nxd5 19. exd5 Bd6 20. Qe2 Bb5 21. Qxc4
Bxc4 22. Rf2 f5 23. b3 Bb5 24. Be2 Bxe2 25. Rxe2 Rac8 26. Rf1 g6 27. h3 h5 28.
g4 hxg4 29. hxg4 f4 30. Rf3 Kg7 31. Kg2 Rh8 32. Rf1 Rh4 33. Kf3 Rc3+ 34. Ke4
Rxg4 35. Rf3 Rxf3 36. Kxf3 Rg3+ 37. Ke4 Rh3 38. Bd8 Rh8 39. Bb6 Rf8 40. Kf3 g5
41. Rh2 Kg6 42. Kg4 f3 43. Bf2 Rf4+ 44. Kg3 e4 0-1

[Event "CCM8 - 15. ORDIX Open"]
[Site "Mainz"]
[Date "2008.??.??"]
[Round "1"]
[White "Kasimdzhanov, Rustam"]
[Black "Friese, Henning"]
[Result "1-0"]
[WhiteElo "2679"]
[BlackElo "2083"]
[PlyCount "31"]
[EventDate "2008.??.??"]
[EventType "rapid"]
[EventRounds "11"]
[EventCountry "GER"]
[Source "Mike Rosa"]
[SourceDate "2009.01.01"]

1. e4 c5 2. Nf3 d6 3. d4 cxd4 4. Nxd4 Nf6 5. Nc3 a6 6. Be3 e5 7. Nb3 Be6 8. Qd2
Be7 9. O-O-O O-O 10. f4 Qc7 11. f5 Bc4 12. g4 b5 13. g5 b4 14. gxf6 bxc3 15.
Qxc3 Bxf6 16. Bxc4 1-0

[Event "CCM8 - 15. ORDIX Open"]
[Site "Mainz"]
[Date "2008.??.??"]
[Round "1"]
[White "Magar, Johannes"]
[Black "Fressinet, Laurent"]
[Result "0-1"]
[WhiteElo "2080"]
[BlackElo "2673"]
[PlyCount "38"]
[EventDate "2008.??.??"]
[EventType "rapid"]
[EventRounds "11"]
[EventCountry "GER"]
[Source "Mike Rosa"]
[SourceDate "2009.01.01"]

1. e4 e5 2. Nf3 Nc6 3. d4 exd4 4. Bc4 Nf6 5. e5 Ne4 6. Bd5 Nc5 7. O-O Ne6 8.
Re1 Be7 9. b3 d6 10. Bb2 dxe5 11. Bxc6+ bxc6 12. Nxe5 Qd5 13. c4 dxc3 14. Nxc3
Qxd1 15. Rexd1 Bb7 16. Rac1 O-O 17. Na4 Rad8 18. Nd7 Rfe8 19. a3 Bd6 0-1

[Event "CCM8 - 15. ORDIX Open"]
[Site "Mainz"]
[Date "2008.??.??"]
[Round "1"]
[White "Motylev, Alexander"]
[Black "Haubold, Martin"]
[Result "1-0"]
[WhiteElo "2675"]
[BlackElo "2080"]
[PlyCount "47"]
[EventDate "2008.??.??"]
[EventType "rapid"]
[EventRounds "11"]
[EventCountry "GER"]
[Source "Mike Rosa"]
[SourceDate "2009.01.01"]

1. e4 c6 2. d4 d5 3. e5 c5 4. Nf3 Nc6 5. c4 cxd4 6. Nxd4 e6 7. Nc3 Qb6 8. Nxc6
bxc6 9. cxd5 Bc5 10. Qd2 exd5 11. Bd3 d4 12. Na4 Bb4 13. Nxb6 Bxd2+ 14. Kxd2
axb6 15. b4 Be6 16. Bb2 c5 17. Rhc1 Rc8 18. Ba6 Rc7 19. bxc5 bxc5 20. Bxd4 c4
21. Rab1 Ne7 22. Rb8+ Nc8 23. Bb6 c3+ 24. Ke1 1-0

[Event "CCM8 - 15. ORDIX Open"]
[Site "Mainz"]
[Date "2008.??.??"]
[Round "1"]
[White "Naiditsch, Arkadij"]
[Black "Jakob, Matthias"]
[Result "1-0"]
[WhiteElo "2669"]
[BlackElo "2079"]
[PlyCount "51"]
[EventDate "2008.??.??"]
[EventType "rapid"]
[EventRounds "11"]
[EventCountry "GER"]
[Source "Mike Rosa"]
[SourceDate "2009.01.01"]

1. e4 Nc6 2. Nf3 d6 3. d4 Nf6 4. Nc3 Bg4 5. Be3 e6 6. h3 Bh5 7. d5 Bxf3 8. Qxf3
Ne5 9. Qe2 exd5 10. exd5 Be7 11. f4 Ned7 12. g4 c6 13. dxc6 bxc6 14. Bg2 Qc7
15. g5 Ng8 16. Bd4 Kf8 17. O-O Rb8 18. Qc4 Rc8 19. Rae1 d5 20. Qa6 Bc5 21.
Bxc5+ Nxc5 22. Qa3 Qd6 23. Re2 Ra8 24. Rfe1 g6 25. Qb4 Ne4 26. Qd4 1-0

[Event "CCM8 - 15. ORDIX Open"]
[Site "Mainz"]
[Date "2008.??.??"]
[Round "2"]
[White "Almasi, Zoltan"]
[Black "Seyb, Alexander"]
[Result "1-0"]
[WhiteElo "2675"]
[BlackElo "2243"]
[PlyCount "83"]
[EventDate "2008.??.??"]
[EventType "rapid"]
[EventRounds "11"]
[EventCountry "GER"]
[Source "Mike Rosa"]
[SourceDate "2009.01.01"]

1. e4 c5 2. Nf3 d6 3. d4 cxd4 4. Nxd4 Nf6 5. Nc3 a6 6. Be3 e5 7. Nf3 Be7 8. Bc4
O-O 9. O-O Nc6 10. Bb3 Be6 11. Bg5 Ng4 12. Bxe7 Qxe7 13. Qd3 h6 14. Rad1 Rfd8
15. h3 Nf6 16. Rfe1 Rac8 17. Rd2 Na5 18. Red1 Nc4 19. Bxc4 Bxc4 20. Qe3 Rc6 21.
Nh4 Be6 22. Qf3 b5 23. a3 g6 24. Qe3 Kh7 25. Nf3 Rdc8 26. Ne1 Bc4 27. Ne2 a5
28. Ng3 b4 29. axb4 axb4 30. Ra1 d5 31. b3 d4 32. Qf3 Be6 33. Qe2 h5 34. Nd3 h4
35. Nf1 Rc3 36. Nh2 Nh5 37. Nf3 Rxd3 38. Qxd3 Nf4 39. Qb5 Rc5 40. Qb6 Rc3 41.
Ra7 Qf6 42. Rxf7+ 1-0

[Event "CCM8 - 15. ORDIX Open"]
[Site "Mainz"]
[Date "2008.??.??"]
[Round "2"]
[White "Christ, Ralf"]
[Black "Nakamura, Hikaru"]
[Result "0-1"]
[WhiteElo "2244"]
[BlackElo "2697"]
[PlyCount "110"]
[EventDate "2008.??.??"]
[EventType "rapid"]
[EventRounds "11"]
[EventCountry "GER"]
[Source "Mike Rosa"]
[SourceDate "2009.01.01"]

1. Nf3 d6 2. d4 g6 3. c4 Bg7 4. Nc3 Bg4 5. e3 Nc6 6. Be2 e5 7. dxe5 dxe5 8. Qa4
Qc8 9. Bd2 Nge7 10. Rd1 O-O 11. b4 a6 12. a3 h6 13. Qb3 Rd8 14. O-O Be6 15. Bc1
Rd6 16. Qc2 Bf5 17. Qb3 Be6 18. Qc2 f5 19. c5 Rxd1 20. Rxd1 e4 21. Nd2 Qe8 22.
Bc4 Qf7 23. Ne2 Rd8 24. Bxe6 Qxe6 25. Nb3 Rxd1+ 26. Qxd1 Ne5 27. Ned4 Qd5 28.
Qc2 Nd3 29. Bb2 f4 30. Bc3 fxe3 31. fxe3 Qg5 32. Qe2 Nd5 33. Bd2 Be5 34. Nc2
Nf6 35. Ne1 Qf5 36. Nd4 Bxd4 37. exd4 Nxe1 38. Bxe1 Nd5 39. Bg3 c6 40. Be5 e3
41. h3 Qb1+ 42. Kh2 Qe4 43. Kg1 h5 44. Qf3 Qxf3 45. gxf3 Kf7 46. Kf1 Nc3 47.
Bf4 Nb5 48. Bxe3 Nxa3 49. Bd2 Nb5 50. Be3 Ke6 51. Ke2 Kf5 52. Kd3 Nc7 53. Bd2
g5 54. Kc4 Nd5 55. Be1 Nf4 0-1

[Event "CCM8 - 15. ORDIX Open"]
[Site "Mainz"]
[Date "2008.??.??"]
[Round "2"]
[White "Eljanov, Pavel"]
[Black "Kabisch, Thilo"]
[Result "1-0"]
[WhiteElo "2716"]
[BlackElo "2245"]
[PlyCount "61"]
[EventDate "2008.??.??"]
[EventType "rapid"]
[EventRounds "11"]
[EventCountry "GER"]
[Source "Mike Rosa"]
[SourceDate "2009.01.01"]

1. d4 Nf6 2. c4 g6 3. Nc3 Bg7 4. e4 d6 5. h3 O-O 6. Be3 e5 7. d5 c6 8. Nf3 Bd7
9. Nd2 Na6 10. Be2 Nc7 11. O-O a6 12. b4 b5 13. a4 cxd5 14. cxd5 bxa4 15. Nxa4
Bxa4 16. Qxa4 Qd7 17. Rfc1 Nb5 18. Bxb5 Qxb5 19. Rc6 Rfb8 20. Qxb5 axb5 21.
Rxa8 Rxa8 22. Rxd6 Ne8 23. Rb6 f5 24. Rxb5 Ra1+ 25. Kh2 Ra2 26. Rb8 Kf7 27. Nf3
Nd6 28. Ng5+ Ke7 29. Bc5 Bh6 30. Ne6 Kd7 31. Rd8+ 1-0

[Event "CCM8 - 15. ORDIX Open"]
[Site "Mainz"]
[Date "2008.??.??"]
[Round "2"]
[White "Fressinet, Laurent"]
[Black "Stenzel, Thomas"]
[Result "1-0"]
[WhiteElo "2673"]
[BlackElo "2236"]
[PlyCount "127"]
[EventDate "2008.??.??"]
[EventType "rapid"]
[EventRounds "11"]
[EventCountry "GER"]
[Source "Mike Rosa"]
[SourceDate "2009.01.01"]

1. e4 Nc6 2. Nf3 Nf6 3. Nc3 d5 4. exd5 Nxd5 5. Bb5 Nxc3 6. bxc3 Qd5 7. Qe2 Bg4
8. c4 Qh5 9. Qe4 Bd7 10. O-O a6 11. Ba4 Qg6 12. Qxg6 hxg6 13. d4 O-O-O 14. d5
Na5 15. Bxd7+ Kxd7 16. Ne5+ Ke8 17. Bd2 f6 18. Nxg6 Nxc4 19. Nxh8 Nxd2 20. Rfd1
Rxd5 21. Ng6 Kf7 22. Nf4 Rd6 23. Nd3 Ne4 24. Re1 Nc3 25. Nc5 e5 26. Re3 Nxa2
27. Nd3 Nc3 28. Nxe5+ fxe5 29. Rxc3 c6 30. Kf1 Rd7 31. Ke2 Ke6 32. Rd3 Rf7 33.
f3 Bc5 34. Rd8 Bd4 35. Ra3 Bb6 36. Re8+ Kf6 37. Rb3 Bc5 38. Rb8 b6 39. Rc8 Ke6
40. Rxc6+ Kd5 41. Rc8 e4 42. Re8 exf3+ 43. Rxf3 Rxf3 44. Kxf3 a5 45. Ke2 Kc4
46. Kd1 Ba3 47. Re4+ Kc5 48. c3 b5 49. Kc2 Kd5 50. Rg4 Bf8 51. h4 b4 52. cxb4
axb4 53. Kb3 Ke6 54. h5 Kf6 55. Rf4+ Ke7 56. Kxb4 Ke8+ 57. Kc4 Be7 58. Kd5 Bg5
59. Rf5 Bh4 60. Ke6 Be1 61. Rf7 Bc3 62. Rc7 Bf6 63. Rc8+ Bd8 64. g3 1-0

[Event "CCM8 - 15. ORDIX Open"]
[Site "Mainz"]
[Date "2008.??.??"]
[Round "2"]
[White "Karabalis, Harilos"]
[Black "Movsesian, Sergei"]
[Result "0-1"]
[WhiteElo "2246"]
[BlackElo "2723"]
[PlyCount "76"]
[EventDate "2008.??.??"]
[EventType "rapid"]
[EventRounds "11"]
[EventCountry "GER"]
[Source "Mike Rosa"]
[SourceDate "2009.01.01"]

1. e4 c5 2. Ne2 Nc6 3. Nbc3 e6 4. d4 cxd4 5. Nxd4 Qc7 6. Be3 Nf6 7. Qd2 a6 8.
f3 b5 9. O-O-O Bb7 10. g4 h6 11. h4 b4 12. Nce2 d5 13. Nxc6 Bxc6 14. e5 Nd7 15.
Nd4 Nxe5 16. Bf4 Bd6 17. Bxe5 Bxe5 18. Qxb4 Bd7 19. Kb1 Rb8 20. Qd2 O-O 21. c3
Rb6 22. Rc1 Bf4 23. Qc2 Bxc1 24. Qxc1 e5 25. Nb3 a5 26. Rh2 a4 27. Na1 e4 28.
Rd2 exf3 29. g5 Bf5+ 30. Bd3 Bxd3+ 31. Rxd3 Rfb8 32. Rd2 Qf4 33. b4 axb3 34.
Nxb3 f2 35. Rd1 Qc4 36. Kc2 d4 37. Rd3 Rxb3 38. axb3 Qxb3+ 0-1

[Event "CCM8 - 15. ORDIX Open"]
[Site "Mainz"]
[Date "2008.??.??"]
[Round "2"]
[White "Kienast, Joerg"]
[Black "Kasimdzhanov, Rustam"]
[Result "0-1"]
[WhiteElo "2243"]
[BlackElo "2679"]
[PlyCount "98"]
[EventDate "2008.??.??"]
[EventType "rapid"]
[EventRounds "11"]
[EventCountry "GER"]
[Source "Mike Rosa"]
[SourceDate "2009.01.01"]

1. e4 g6 2. d4 d6 3. Nc3 c6 4. f4 d5 5. e5 h5 6. Nf3 Bg4 7. Be2 Bxf3 8. Bxf3 e6
9. Qd3 Nh6 10. O-O Nf5 11. Ne2 Qb6 12. Bd2 Be7 13. Kh1 Nh4 14. a4 a5 15. b3 Na6
16. Ng3 Nxf3 17. Qxf3 Qxd4 18. Bxa5 Qc5 19. Bc3 O-O-O 20. Rfb1 d4 21. Ne4 Qd5
22. Bd2 Nc5 23. Re1 Nxe4 24. Rxe4 h4 25. h3 Kb8 26. Qd3 Rd7 27. Rd1 Rc8 28. Re2
c5 29. Rb1 c4 30. bxc4 Qxc4 31. Be1 Qxa4 32. Rb3 Qc4 33. Qe4 Qd5 34. Qd3 Rdc7
35. Bf2 Rc3 36. Qxd4 Qxd4 37. Bxd4 Rxc2 38. Ree3 Rd8 39. Red3 Rc4 40. Bb6 Rxd3
41. Rxd3 Kc8 42. Be3 Bc5 43. Bd2 b5 44. Rb3 b4 45. g3 hxg3 46. Rxg3 Kb7 47. h4
Kc6 48. Kg2 Rc2 49. Rd3 b3 0-1

[Event "CCM8 - 15. ORDIX Open"]
[Site "Mainz"]
[Date "2008.??.??"]
[Round "2"]
[White "Najer, Evgeniy"]
[Black "Felczer, Kevin"]
[Result "1-0"]
[WhiteElo "2680"]
[BlackElo "2243"]
[PlyCount "57"]
[EventDate "2008.??.??"]
[EventType "rapid"]
[EventRounds "11"]
[EventCountry "GER"]
[Source "Mike Rosa"]
[SourceDate "2009.01.01"]

1. e4 c5 2. Nc3 Nc6 3. Bb5 Nd4 4. Bc4 e6 5. Nf3 Ne7 6. Nxd4 cxd4 7. Ne2 Nc6 8.
O-O Be7 9. d3 O-O 10. Bb3 d5 11. exd5 exd5 12. Nf4 Na5 13. Nxd5 Nxb3 14. Nxe7+
Qxe7 15. axb3 Be6 16. Re1 Rfd8 17. Re4 a6 18. Ra5 b5 19. Bf4 Qb4 20. Ra1 Bd5
21. Re2 Bb7 22. Qe1 Qc5 23. f3 Rac8 24. Qg3 Re8 25. Be5 g6 26. Qf4 Qc6 27. Rae1
Rcd8 28. Qh6 f6 29. Bxf6 1-0

[Event "CCM8 - 15. ORDIX Open"]
[Site "Mainz"]
[Date "2008.??.??"]
[Round "2"]
[White "Sieg, Ulrich"]
[Black "Motylev, Alexander"]
[Result "0-1"]
[WhiteElo "2238"]
[BlackElo "2675"]
[PlyCount "47"]
[EventDate "2008.??.??"]
[EventType "rapid"]
[EventRounds "11"]
[EventCountry "GER"]
[Source "Mike Rosa"]
[SourceDate "2009.01.01"]

1. Nf3 d5 2. c4 d4 3. b4 f6 4. e3 e5 5. exd4 e4 6. Qe2 Qe7 7. Ng1 Nc6 8. Ba3
Nxd4 9. Qd1 Qe5 10. Nc3 a5 11. Nd5 Nc2+ 12. Qxc2 Qxa1+ 13. Ke2 Bg4+ 14. f3
exf3+ 15. gxf3 Qe5+ 16. Ne3 Be6 17. Bb2 Qd6 18. c5 Qd7 19. Qe4 O-O-O 20. d4
axb4 21. Kf2 Ne7 22. Bd3 f5 23. Qe5 Nc6 24. Ke1 0-1

[Event "CCM8 - 15. ORDIX Open"]
[Site "Mainz"]
[Date "2008.??.??"]
[Round "2"]
[White "Tregubov, Pavel"]
[Black "Szabo, Bence"]
[Result "1-0"]
[WhiteElo "2668"]
[BlackElo "2234"]
[PlyCount "93"]
[EventDate "2008.??.??"]
[EventType "rapid"]
[EventRounds "11"]
[EventCountry "GER"]
[Source "Mike Rosa"]
[SourceDate "2009.01.01"]

1. d4 Nf6 2. Nf3 e6 3. c4 b6 4. g3 Ba6 5. Nbd2 Bb4 6. Qc2 c5 7. e4 cxd4 8. e5
Ng8 9. Bg2 Bb7 10. O-O Ne7 11. Ne4 Ng6 12. Nxd4 Nc6 13. Nb5 O-O 14. Nbd6 Qc7
15. Nxb7 Qxb7 16. a3 Be7 17. b4 Qc7 18. f4 Rac8 19. Bb2 a5 20. b5 Nb8 21. Rac1
d5 22. exd6 Bxd6 23. Qc3 Bc5+ 24. Kh1 f6 25. Rfe1 e5 26. Nxc5 Qxc5 27. Qe3 Qxe3
28. Rxe3 exf4 29. Re6 Nd7 30. Rd1 Rc7 31. Rc6 Ra7 32. Rcd6 Nde5 33. Bd5+ Kh8
34. Rxb6 Ne7 35. Be6 Rc7 36. Ra6 f3 37. Kg1 h5 38. Kf2 Rb8 39. Bxe5 fxe5 40.
Kxf3 Ng6 41. Ke4 Nf8 42. Bd5 Nd7 43. Rc6 Nf6+ 44. Kxe5 Re8+ 45. Re6 Ng4+ 46.
Kd6 Rxe6+ 47. Bxe6 1-0

[Event "CCM8 - 15. ORDIX Open"]
[Site "Mainz"]
[Date "2008.??.??"]
[Round "2"]
[White "Wolter, Kai"]
[Black "Naiditsch, Arkadij"]
[Result "0-1"]
[WhiteElo "2234"]
[BlackElo "2669"]
[PlyCount "102"]
[EventDate "2008.??.??"]
[EventType "rapid"]
[EventRounds "11"]
[EventCountry "GER"]
[Source "Mike Rosa"]
[SourceDate "2009.01.01"]

1. e4 c5 2. Nf3 d6 3. d4 cxd4 4. Nxd4 Nf6 5. Nc3 a6 6. Be2 e5 7. Nb3 Be7 8. O-O
O-O 9. Kh1 Nc6 10. a4 Be6 11. Bg5 Nb4 12. a5 d5 13. exd5 Nbxd5 14. Nxd5 Nxd5
15. Bd2 f5 16. c4 Nf6 17. Qe1 Rc8 18. Bb4 Bxc4 19. Rd1 Qe8 20. Bxc4+ Rxc4 21.
Bc3 Re4 22. Qd2 Qb5 23. f3 Re2 24. Qd3 Qxd3 25. Rxd3 e4 26. Rd2 Rxd2 27. Nxd2
e3 28. Nc4 Nd5 29. g3 Rc8 30. Nb6 Nxb6 31. axb6 Bc5 32. Kg2 Bxb6 33. f4 Rd8 34.
Kf3 Kf7 35. Ra1 g6 36. Ra4 Rd7 37. h3 Ke6 38. Rc4 Kd5 39. Ra4 Bc5 40. Ra1 Kc4
41. g4 Kb3 42. Re1 b5 43. gxf5 gxf5 44. Re2 b4 45. Be1 a5 46. Rg2 Rd1 47. Bh4
Rf1+ 48. Ke2 Rxf4 49. Bf6 a4 50. Be5 Rf2+ 51. Rxf2 exf2 0-1

[Event "CCM8 - 15. ORDIX Open"]
[Site "Mainz"]
[Date "2008.??.??"]
[Round "3"]
[White "Berend, Fred"]
[Black "Tregubov, Pavel"]
[Result "0-1"]
[WhiteElo "2345"]
[BlackElo "2668"]
[PlyCount "60"]
[EventDate "2008.??.??"]
[EventType "rapid"]
[EventRounds "11"]
[EventCountry "GER"]
[Source "Mike Rosa"]
[SourceDate "2009.01.01"]

1. e4 c5 2. Nc3 e6 3. Nf3 Nc6 4. d4 cxd4 5. Nxd4 a6 6. Nxc6 bxc6 7. Bd3 d5 8.
O-O Nf6 9. Re1 Be7 10. e5 Nd7 11. Qg4 g6 12. b3 c5 13. Na4 c4 14. Bf1 Bb7 15.
Bh6 Rc8 16. Rad1 Qc7 17. Qh3 Rg8 18. bxc4 dxc4 19. Rd4 Qa5 20. Nc3 Nxe5 21. Bf4
Nf3+ 22. gxf3 Qxc3 23. Qxh7 Rf8 24. Rde4 Bxe4 25. Rxe4 Qxf3 26. Bg2 Qd1+ 27.
Bf1 Qg4+ 28. Bg2 Bf6 29. Bg3 Qd1+ 30. Bf1 Rh8 0-1

[Event "CCM8 - 15. ORDIX Open"]
[Site "Mainz"]
[Date "2008.??.??"]
[Round "3"]
[White "Euler, Gerd"]
[Black "Almasi, Zoltan"]
[Result "0-1"]
[WhiteElo "2351"]
[BlackElo "2675"]
[PlyCount "42"]
[EventDate "2008.??.??"]
[EventType "rapid"]
[EventRounds "11"]
[EventCountry "GER"]
[Source "Mike Rosa"]
[SourceDate "2009.01.01"]

1. Nf3 Nf6 2. b3 d5 3. Bb2 Bg4 4. c4 e6 5. e3 Nbd7 6. Be2 Bd6 7. h3 Bxf3 8.
Bxf3 c6 9. cxd5 exd5 10. d3 Qe7 11. Nd2 Ba3 12. Qc1 Bxb2 13. Qxb2 O-O 14. O-O
a5 15. a3 Rfd8 16. Rfe1 Nc5 17. Qd4 Ne6 18. Qh4 Re8 19. d4 h6 20. Rec1 Ng5 21.
Be2 Nfe4 $1 0-1

[Event "CCM8 - 15. ORDIX Open"]
[Site "Mainz"]
[Date "2008.??.??"]
[Round "3"]
[White "Kasimdzhanov, Rustam"]
[Black "Alber, Horst"]
[Result "1-0"]
[WhiteElo "2679"]
[BlackElo "2357"]
[PlyCount "53"]
[EventDate "2008.??.??"]
[EventType "rapid"]
[EventRounds "11"]
[EventCountry "GER"]
[Source "Mike Rosa"]
[SourceDate "2009.01.01"]

1. e4 g6 2. d4 Bg7 3. Nc3 d6 4. f4 a6 5. Nf3 b5 6. Bd3 Bb7 7. Qe2 Nf6 8. e5 Nd5
9. Nxd5 Bxd5 10. O-O e6 11. a4 b4 12. c3 O-O 13. Be4 Bxe4 14. Qxe4 d5 15. Qe1
bxc3 16. bxc3 Qd7 17. Qh4 Nc6 18. Ng5 h6 19. Nf3 Ne7 20. g4 Rfb8 21. f5 exf5
22. Bxh6 fxg4 23. Bxg7 Kxg7 24. Qf6+ (24. Ng5 $142 $1 Nf5 25. Qh7+ Kf8 26. e6
$18) 24... Kh6 25. Ng5 $18 Rb6 $2 (25... Rf8 26. Nxf7+ Rxf7 27. Qxf7 $18) 26.
Nxf7+ Kh7 27. Qh4+ 1-0

[Event "CCM8 - 15. ORDIX Open"]
[Site "Mainz"]
[Date "2008.??.??"]
[Round "3"]
[White "Klundt, Klaus"]
[Black "Najer, Evgeniy"]
[Result "0-1"]
[WhiteElo "2361"]
[BlackElo "2680"]
[PlyCount "68"]
[EventDate "2008.??.??"]
[EventType "rapid"]
[EventRounds "11"]
[EventCountry "GER"]
[Source "Mike Rosa"]
[SourceDate "2009.01.01"]

1. e4 c5 2. Nf3 d6 3. d4 cxd4 4. Nxd4 Nf6 5. Nc3 a6 6. f4 e5 7. Nf3 Nbd7 8. Bd3
Be7 9. O-O O-O 10. Kh1 b5 11. a3 Bb7 12. Qe2 Re8 13. fxe5 dxe5 14. Nh4 g6 15.
Nf3 Nh5 16. Bh6 Nf4 17. Qf2 f6 18. Bxf4 exf4 19. Nd5 Bxd5 20. exd5 Bc5 21. Qh4
Be3 22. Rad1 Nc5 23. Qg4 Ra7 24. b4 Nxd3 25. Rxd3 Qc8 26. Qxc8 Rxc8 27. Nd4
Bxd4 28. Rxd4 g5 29. h4 Rxc2 30. Re1 Kf7 31. hxg5 fxg5 32. Re6 Re7 33. Rxa6
Re1+ 34. Kh2 f3 0-1

[Event "CCM8 - 15. ORDIX Open"]
[Site "Mainz"]
[Date "2008.??.??"]
[Round "3"]
[White "Motylev, Alexander"]
[Black "Korotkjevich, Stanislav"]
[Result "1-0"]
[WhiteElo "2675"]
[BlackElo "2349"]
[PlyCount "210"]
[EventDate "2008.??.??"]
[EventType "rapid"]
[EventRounds "11"]
[EventCountry "GER"]
[Source "Mike Rosa"]
[SourceDate "2009.01.01"]

1. e4 Nc6 2. Nf3 d6 3. d4 Nf6 4. c3 g6 5. Bd3 Bg7 6. O-O O-O 7. Bg5 e5 8. Nbd2
h6 9. Bh4 g5 10. Bg3 g4 11. Ne1 exd4 12. cxd4 Nxd4 13. Bh4 Ne6 14. f4 gxf3 15.
Nexf3 c6 16. Kh1 Nf4 17. Qc2 Ng6 18. e5 Nxh4 19. exf6 Qxf6 20. Ne4 Qd8 21. Nxh4
Qxh4 22. Qd2 d5 23. Rf4 Qe7 24. Ng3 Qg5 25. Nf5 Bxf5 26. Bxf5 Kh8 27. Qf2 Rae8
28. Rf1 d4 29. Bb1 Qe5 30. Rxd4 Qe2 31. Qf5 Qxf1+ 32. Qxf1 Bxd4 33. g4 Rg8 34.
h3 Rg7 35. b4 h5 36. Qd3 Bb6 37. Qd1 hxg4 38. hxg4 Bc7 39. Bf5 Rd8 40. Qa1 Kg8
41. Kg2 Rd5 42. Kf3 Be5 43. Qe1 Kf8 44. Qh4 Rd4 45. a3 b6 46. Qh6 Rd6 47. Qh8+
Ke7 48. Qa8 a5 49. bxa5 bxa5 50. Qxa5 Kf6 51. Qe1 Rd4 52. Qh4+ Rg5 53. Qh8+ Rg7
54. Qh4+ Rg5 55. Qh6+ Rg6 56. Bxg6 fxg6 57. Qh8+ Ke6 58. Qe8+ Kd5 59. Qxg6 Rf4+
60. Ke3 Ra4 61. Qg8+ Kc5 62. Qg5 Kd5 63. Qg8+ Kc5 64. Qg5 Kd5 65. Qe7 Bd6 66.
Qf7+ Kc5 67. g5 Rxa3+ 68. Ke2 Rg3 69. g6 Be5 70. Kf2 Kd6 71. Qf8+ Kd7 72. Qf5+
Kd6 73. Qf7 c5 74. Qf8+ Kd5 75. Qd8+ Ke4 76. Qa8+ Kf5 77. Qc8+ Kxg6 78. Qe6+
Kh5 79. Qxe5+ Rg5 80. Qe8+ Kg4 81. Qe4+ Kh5 82. Kf3 Kh6 83. Qe6+ Rg6 84. Qe5
Rg5 85. Qh8+ Kg6 86. Kf4 Rf5+ 87. Ke4 Rg5 88. Qg8+ Kf6 89. Qf8+ Ke6 90. Qe8+
Kf6 91. Qc6+ Kg7 92. Kf4 Rg6 93. Qc7+ Kh8 94. Kf5 Rg7 95. Qd8+ Kh7 96. Qh4+ Kg8
97. Qc4+ Kh7 98. Qe4 c4 99. Kf6+ Kg8 100. Qe8+ Kh7 101. Qe4+ Kh8 102. Qh4+ Kg8
103. Qxc4+ Kh8 104. Qh4+ Kg8 105. Qh5 Rd7 1-0

[Event "CCM8 - 15. ORDIX Open"]
[Site "Mainz"]
[Date "2008.??.??"]
[Round "3"]
[White "Movsesian, Sergei"]
[Black "Schlecht, Daniel"]
[Result "1-0"]
[WhiteElo "2723"]
[BlackElo "2372"]
[PlyCount "54"]
[EventDate "2008.??.??"]
[EventType "rapid"]
[EventRounds "11"]
[EventCountry "GER"]
[Source "Mike Rosa"]
[SourceDate "2009.01.01"]

1. e4 c5 2. Nf3 d6 3. Nc3 Nf6 4. d4 cxd4 5. Qxd4 Nc6 6. Bb5 Bd7 7. Bxc6 Bxc6 8.
Bg5 e6 9. O-O-O Be7 10. Qd3 O-O 11. Nd4 Qa5 12. h4 Rfc8 13. f4 Be8 14. Kb1 Rc7
15. f5 Bd7 16. g4 Rac8 17. Bd2 Qa6 18. Qf3 e5 19. Nb3 d5 20. exd5 e4 21. Qg2 h5
22. gxh5 Bxf5 23. Rhf1 e3 24. Bxe3 Rxc3 25. bxc3 Be4 26. Rxf6 Qa4 27. Rf4 Rc4
1-0

[Event "CCM8 - 15. ORDIX Open"]
[Site "Mainz"]
[Date "2008.??.??"]
[Round "3"]
[White "Naiditsch, Arkadij"]
[Black "Kovac, Boris"]
[Result "1-0"]
[WhiteElo "2669"]
[BlackElo "2336"]
[PlyCount "125"]
[EventDate "2008.??.??"]
[EventType "rapid"]
[EventRounds "11"]
[EventCountry "GER"]
[Source "Mike Rosa"]
[SourceDate "2009.01.01"]

1. e4 c5 2. Nf3 Nc6 3. Bb5 e6 4. Bxc6 dxc6 5. O-O Ne7 6. d3 Ng6 7. e5 Be7 8.
Nc3 O-O 9. Re1 f6 10. exf6 gxf6 11. h4 Rf7 12. h5 Nf8 13. Bh6 e5 14. Nh4 Qd4
15. Ne4 Be6 16. Qf3 Qd7 17. Qg3+ Kh8 18. f4 Bg4 19. fxe5 f5 20. Ng5 Bxg5 21.
Bxg5 h6 22. Ng6+ Kh7 23. Nxf8+ Rfxf8 24. e6 Qd4+ 25. Be3 Qg7 26. Bxc5 Rg8 27.
Qe5 Qg5 28. Bd4 Rae8 29. Qf6 Qxh5 30. Qf7+ Qxf7 31. exf7 Rxe1+ 32. Rxe1 Rf8 33.
Re7 b6 34. Rxa7 c5 35. Be5 Bh5 36. Rb7 Rxf7 37. Rxb6 Re7 38. Bf4 Bd1 39. c4
Re1+ 40. Kh2 Re2 41. Rxh6+ Kg7 42. Rc6 Bc2 43. Rd6 Kf7 44. b3 Bd1 45. a4 Ra2
46. Rb6 Bf3 47. Kg3 Bxg2 48. a5 Bf1 49. a6 Bxd3 50. Be3 Ra5 51. Kf4 Ke7 52. Ke5
Be4 53. Rd6 Kf7 54. Rh6 Kg7 55. Rb6 Kf7 56. Kd6 Bg2 57. Kc7 Be4 58. Kb8 Ke7 59.
a7 Kd7 60. Rb5 Ra6 61. Bxc5 f4 62. Rb7+ Kd8 63. Bb6+ 1-0